| 000 | 00681cam a22002298a 4500 | ||
|---|---|---|---|
| 008 | |||
| 020 | _a9781418041717 (pbk.) | ||
| 049 | _aMAIN | ||
| 090 |
_aTJ213 _bBAR |
||
| 100 | 1 | _aBartelt, Terry L. M. | |
| 245 | 1 | 0 |
_aInstrumentation and process control / _cTerry Bartelt. |
| 260 |
_aClifton Park : _bThomson/Delmar Learning, _cc2007. |
||
| 300 |
_axiii, 283 p. : _bill. (some col.) ; _c28 cm. |
||
| 500 | _aIncludes index. | ||
| 650 | 0 | _aAutomatic control. | |
| 650 | 0 | _aEngineering instruments. | |
| 907 |
_a.b10381806 _b18-01-18 _c22-08-17 |
||
| 003 | |||
| 005 | 20230123141054.0 | ||
| 040 | _cNUST | ||
| 942 |
_cBOOKS _kTJ213 _mBAR |
||
| 999 |
_c167174 _d167174 |
||